ՀՀ Գիտությունների ազգային ակադեմիայի հիմնարար գիտական գրադարան  =   Fundamental Scientific Library of NAS RA

Изобразительное искусство Советской Армении / (Record no. 469403)

MARC details
000 -LEADER
fixed length control field 00873nam a2200229 a 4500
001 - CONTROL NUMBER
control field 000255441
003 - CONTROL NUMBER IDENTIFIER
control field AM-YeHGA
005 - DATE AND TIME OF LATEST TRANSACTION
control field 20250919155001.0
008 - FIXED-LENGTH DATA ELEMENTS--GENERAL INFORMATION
fixed length control field 030820s1956 ai r 000 0 rus d
040 ## - CATALOGING SOURCE
Original cataloging agency AM-YeHGA
041 0# - LANGUAGE CODE
Language code of text/sound track or separate title rus
090 ## - LOCALLY ASSIGNED LC-TYPE CALL NUMBER (OCLC); LOCAL CALL NUMBER (RLIN)
-- 472647
245 00 - TITLE STATEMENT
Title Изобразительное искусство Советской Армении /
Statement of responsibility, etc. Сост.: Е. Мартикян, Р. Парсамян.
260 ## - PUBLICATION, DISTRIBUTION, ETC.
Place of publication, distribution, etc. Ереван :
Name of publisher, distributor, etc. Армгосиздат,
Date of publication, distribution, etc. 1956.
300 ## - PHYSICAL DESCRIPTION
Extent 33 с., :
Other physical details 81 л. ил. ;
Dimensions 30 см.
500 ## - GENERAL NOTE
General note Перечень ил.: с. 31-32
650 14 - SUBJECT ADDED ENTRY--TOPICAL TERM
Topical term or geographic name entry element Изобразительное искусство
Geographic subdivision Армения
650 14 - SUBJECT ADDED ENTRY--TOPICAL TERM
Topical term or geographic name entry element Գեղանկարչություն.
700 1# - ADDED ENTRY--PERSONAL NAME
Personal name Մարտիկյան, Եղիշե Ավետիսի,
Dates associated with a name 1904-1988
Relator term сост.
Relationship com
9 (RLIN) 1580
700 1# - ADDED ENTRY--PERSONAL NAME
Personal name Парсамян, Р.
Relator term сост.
Relationship com
942 00 - ADDED ENTRY ELEMENTS (KOHA)
Koha issues (borrowed), all copies 1
Holdings
Withdrawn status Lost status Source of classification or shelving scheme Damaged status Not for loan Collection Home library Current library Date acquired Total checkouts Full call number Barcode Date last seen Date last checked out Price effective from Koha item type Public note
    Universal Decimal Classification     General Fundamental Scientific Library Fundamental Scientific Library 13/04/2018 1 РД III/1929 FL0494789 19/09/2025 19/09/2025 13/04/2018 Գրքեր / Books 30 Days Loan
    Universal Decimal Classification     General Fundamental Scientific Library Fundamental Scientific Library 13/04/2018   РД III/1928 FL0495058 13/04/2018   13/04/2018 Գրքեր / Books 30 Days Loan
    Universal Decimal Classification     General Fundamental Scientific Library Fundamental Scientific Library 13/04/2018   РД III/1927 FL0495059 13/04/2018   13/04/2018 Գրքեր / Books 30 Days Loan


ՀՀ ԳԱԱ հիմնարար գիտական գրադարան
ՀՀ,Երևան 0019
Մարշալ Բաղրամյան 24/6
հեռախոս:(374-10) 52-47-50
Հետադարձ կապ

All site content, except where otherwise noted, is licensed under a
Creative Commons License